Die Nase des Herrn Notar, (Record no. 6066)

MARC details
000 -LEADER
fixed length control field 00768cam a22002411 4500
001 - CONTROL NUMBER
control field af 48004479
003 - CONTROL NUMBER IDENTIFIER
control field DLC
005 - DATE AND TIME OF LATEST TRANSACTION
control field 20260227110908.0
008 - FIXED-LENGTH DATA ELEMENTS--GENERAL INFORMATION
fixed length control field 881227s1947 gw a 000 1 ger c
010 ## - LIBRARY OF CONGRESS CONTROL NUMBER
LC control number af 48004479
035 ## - SYSTEM CONTROL NUMBER
System control number (OCoLC)18944217
040 ## - CATALOGING SOURCE
Original cataloging agency Yale Univ. Library
Transcribing agency CU
Modifying agency CU
-- DLC
041 1# - LANGUAGE CODE
Language code of text/sound track or separate title ger
Language code of original fre
042 ## - AUTHENTICATION CODE
Authentication code premarc
050 00 - LIBRARY OF CONGRESS CALL NUMBER
Classification number PQ2601.B54
Item number N44
100 1# - MAIN ENTRY--PERSONAL NAME
Personal name About, Noële Edmond-,
Dates associated with a name 1914-
245 14 - TITLE STATEMENT
Title Die Nase des Herrn Notar,
Remainder of title Erzählung.
Statement of responsibility, etc. [Übertragen von Wolfheinrich von der Mülbe.
260 ## - PUBLICATION, DISTRIBUTION, ETC.
Place of publication, distribution, etc. Bad Wörrishofen]
Name of publisher, distributor, etc. Drei-Säulen-Verlag
Date of publication, distribution, etc. [1947]
300 ## - PHYSICAL DESCRIPTION
Extent 137 p.
Other physical details illus.
Dimensions 19 cm.
440 #4 - SERIES STATEMENT/ADDED ENTRY--TITLE
Title Das Heitere Wort,
Volume/sequential designation Bd. 1
500 ## - GENERAL NOTE
General note Translation of Le nez d'un notaire.
700 1# - ADDED ENTRY--PERSONAL NAME
Personal name Mülbe, Wolf-Heinrich von der,
Dates associated with a name 1879-
Relator term tr.

No items available.

Powered by Koha